000 00304nam a22001337a 4500
008 170522b xxu||||| |||| 00| 0 eng d
020 _a9780395433416
041 _aeng
080 _24 ED
_a94
100 _a16
101 _aSHH
245 _aA HISTORY WESTERN SOCIETY
_cMCKOY.J.P
942 _2udc
_cBK
999 _c13621
_d13621